000 00927nam a22002297a 4500
999 _c5316
_d5316
003 AR-CdUCM
008 190312b ||||| |||| 00| 0 spa d
040 _aMUNICIPALIDAD PROVINCIAL DEL CUSCO
_cBIBLIOTECA MUNICIPAL DEL CUSCO
082 _a376.4 /
_bC28
100 _aCassani, Juan Emilio
_916073
245 _aDidáctica general de la enseñanza media /
260 _aArgentina :
_bEl ateneo,
_c1965.
300 _a270 páginas ;
_c19 cm.
505 _aAlcances de la didáctica de la enseñanza media -- El drama didáctico en la enseñanza media -- La relación profesor-alumno como eje de las relaciones didácticas -- Los contenidos de la enseñanza media como puntos de apoyo de las relaciones didácticas...
650 _aDidáctica.
_95011
650 _aEducación.
_9460
650 _aPedagogía.
_91560
650 _aEducación media.
_916074
650 _aAlumno.
_94954
942 _2ddc
_cLIBROS
945 _awfj